| 000 | 01137nam a22003257a 4500 | ||
|---|---|---|---|
| 003 | CHAP | ||
| 005 | 20220329135144.0 | ||
| 008 | 971013s r 00010 d | ||
| 010 | _a31814 | ||
| 011 | _a32786 | ||
| 035 | _a36901 | ||
| 040 | _cCHAP | ||
| 090 | _aR-1532 | ||
| 100 | 0 | 0 |
_aMartínez Faría, Fortunato. _972024 |
| 245 | _autilización de la fotografía a color y en infrarrojo para estudios de tierras de riego en México | ||
| 500 | _aSobretiro de: Ingeniería Hidráulica en México 25(3):236-244, 1971 | ||
| 590 |
_aBATCH-UPD _b10 _c20130110 _lUCH01 _h1654 |
||
| 590 |
_aBATCH-UPD _b10 _c20130410 _lUCH01 _h1042 |
||
| 590 |
_aBATCH-UPD _b10 _c20130914 _lUCH01 _h1432 |
||
| 590 |
_aCONVERSION _b10 _c20130109 _lUCH01 _h1318 |
||
| 650 | 1 | 4 |
_aDistrito de Riego Región Lagunera, Dgo. y Coah. _932911 |
| 650 | 1 | 4 |
_aFotografía aérea. _942714 |
| 650 | 1 | 4 |
_aFotointerpretación. _942728 |
| 650 | 1 | 4 |
_aIrrigación _xComarca Lagunera. _960389 |
| 700 | 0 |
_aEstrada, José Manuel. _938455 |
|
| 700 | 0 |
_aTorre Cavazos, Alfonso de la. _9113995 |
|
| 901 | _aBK | ||
| 942 | _cREIMP | ||
| 949 |
_aR-1532 _bBC _cR _d-84813 _eTS1 _i36901 _si |
||
| 999 |
_c31814 _d31814 |
||